LEADER 01344nam a2200277 i 4500 001 000000198240 003 CaOOAMICUS 005 20140604000000.0 008 140604s1933 it u000 u ita u 013 $a176928 040 $aSeMil$bita 100 1 $aGarrigou-Lagrange, Réginald,$c.$0(OLS)http://semarc/name/5500 245 10$aPerfezione cristiana e contemplazione secondo s. Tommaso d'Aquino e s. Giovanni della Croce /$cRéginald Garrigou-Lagrange ; traduzione di G.S. Nivoli. 260 $aTorino ; Roma :$bMarietti,$c1933. 300 $aXIX, 726 p. ;$c21 cm. 500 $aFondo card. Giovanni Colombo. 650 4$aTommaso : d'Aquino - Pensiero spirituale.$0(OLS)http://semarc/subject/4035 650 4$aPerfezione cristiana.$0(OLS)http://semarc/subject/2090 650 4$aContemplazione.$0(OLS)http://semarc/subject/4430 700 1 $aNivoli, Giuseppe Silvio,$c.$0(OLS)http://semarc/name/13751 850 $aSeMil 852 $aSeMil$W1$xVenegono$y1$m3GC II 71$j148796$B148796$CSeMilBibl$Z2$F160213 $8B 941 1 $a3 961 $aLascito: Colombo Card. Giovanni 996 $6245$aPerfezione cristiana e contemplazione secondo s. Tommaso d'Aquino e s. Giovanni della Croce$9(OLS)http://semarc/title/286399 996 $6260$aTorino ; Roma :$bMarietti$9(OLS)http://semarc/publisher/32636 LEADER 01295nam a2200277 i 4500 001 000000106279 003 CaOOAMICUS 005 20101229000000.0 008 101229s2002 it u000 u ita u 013 $a78473 020 $a88-7367-005-9 040 $aSeMil$bita 100 1 $aBusca, Marco,$d<1951- >.$0(OLS)http://semarc/name/44722 245 10$aVerso un nuovo sistema penitenziale? :$bstudio sulla riforma della Riconciliazione dei penitenti /$cMarco Busca. 260 $aRoma :$bCLV Edizioni Liturgiche,$ccopyr. 2002. 300 $a653 p. ;$c24 cm. 490 0 $aBibliotheca Ephemerides Liturgicae. Subsidia ;$v118 500 $aContiene : Bibliografia. 650 4$aPenitenza .$0(OLS)http://semarc/subject/3014 830 0$aBibliotheca Ephemerides Liturgicae. Subsidia ;$v118.$0(OLS)http://semarc/title/38 850 $aSeMil 852 $aSeMil$W1$xVenegono$y1$m3KA A 118$j226760$B62418$CSeMilBibl$Z2$F71704 $81 961 $aSottoscrizione: CLV Edizioni Liturgiche 996 $6020$a88-7367-005-9$9(OLS)http://semarc/number/86820 996 $6245$aVerso un nuovo sistema penitenziale? :$bstudio sulla riforma della Riconciliazione dei penitenti$9(OLS)http://semarc/title/154067 996 $6260$aRoma :$bCLV Edizioni Liturgiche$9(OLS)http://semarc/publisher/29627